Indovina la canzone di Kid Yugi dal testo - Statistics

Statistiche generali
  • Questo quiz è stato fatto 961 volte
  • Il punteggio medio è 7 su 13
Statistiche sulle risposte
Testo Canzone % Corretto
Farei un taglio sul polso lungo quanto il mondo per mostrarti la più piccola parte di quanto soffro Eva
88%
Non faccio mai palestra, ma c'ho le narici in pump se arrivano gli sbirri, corro come Forrest Gump Porto il commerciale
88%
Ci faremo entanglement anche ad un megaparsec ogni volta che ti umilio mi fai sentire importante Il filmografo
73%
Questa non è trap, puoi definirla un horcruxnon ho mai preso il Valium, San Cosimo era Opium Paganini
66%
Bevo come i crucchi, fumo come i turchi ho promesso a Mario che non moriremo da sconosciuti Hybris
56%
Meglio in prigione che finire all'Ilvaa chi mi odia gli manderò l'IBAN Denaro
52%
E non so dove dio sia, se è ricoperto da diossinache a cercarlo in questo cielo ci ho perso qualche diottria Ilva
51%
Ho visto cose da bambino che vedi e poi vomititic schifosi dei tossici, a casa volano i mobili 6SEI6
43%
Mi pugnali mentre porto le redinidi quel carro sul quale potevi esserci Nemico
42%
Coltello a farfalla, baby, può renderti un martirefanculo la questura sto eludendo la tua indagine Sturm und drang
38%
Il freestyle col beatbox, ho visto gente vantarsinon di quello che ha, ma di ciò che io non ho Lo faccio per me
35%
Art attack, heart attack, il beat è nuke, bomba Zar sto in mezzo alla strada, vendo come un gran bazar Back n' forth
32%
Erba tagliata profumo di Ambi Purti tagliano un dito, ti fanno la manicure No kizzy
28%
Nessun quiz corrispondente trovato
Distribuzione punteggi
Percentuale di utenti per punteggio
Percentile per numero di risposta
I tuoi punteggi nel tempo
Non hai fatto questo quiz